| 000 | 00777cab a2200265 4500 | ||
|---|---|---|---|
| 001 | WB3031-25 | ||
| 008 | 090401t1994 xxu||||| |||| 00| 0 eng d | ||
| 035 | _a(Sirsi) u30072 | ||
| 041 | _aeng | ||
| 245 | _aHistoric sites may go private | ||
| 260 | _c1994 | ||
| 350 | _a0 | ||
| 490 |
_aTimes _v6 August 1994, 5 |
||
| 490 |
_aDaily Telegraph _v6 August 1994, 4 |
||
| 520 | _aA franchising scheme to transfer the management of Britain`s publicly owned historic monuments to the private sector is being considered by the Treasury. | ||
| 650 | _aCADW | ||
| 650 | _aENGLISH HERITAGE | ||
| 650 | _aHISTORIC MONUMENTS | ||
| 650 | _aHISTORIC SCOTLAND | ||
| 650 | _aPRIVATISATION | ||
| 650 | _aTOURISM | ||
| 690 | _aCONSERVATION | ||
| 942 | _n0 | ||
| 948 | _c04/03/1997 | ||
| 999 |
_c20245 _d20245 |
||